Η διανοητική ανάπτυξη του παιδιού
Αποθηκεύτηκε σε:
| Κύριος συγγραφέας: | |
|---|---|
| Μορφή: | Βιβλίο |
| Γλώσσα: | Greek Italian |
| Δημοσίευση: |
Αθήνα :
Οδυσσέας,
1980.
|
| Έκδοση: | 2η εκδ. |
| Θέματα: | |
| Ετικέτες: |
Προσθήκη ετικέτας
Δεν υπάρχουν, Καταχωρήστε ετικέτα πρώτοι!
|
MARC
| LEADER | 00000cam a2200000 i 4500 | ||
|---|---|---|---|
| 001 | 1/21258 | ||
| 008 | 931001s1980 gr | ||| |||| ||gre|| | ||
| 035 | |a 1986 |b 3 |c Αγορά/Τσιάκαλος |l 10036254 | ||
| 040 | |a GR-MY-UA |b gre |e aacr | ||
| 041 | 1 | |a gre |h ita | |
| 082 | 0 | |a 155.413 | |
| 100 | 1 | |a Lombardo-Radice, Lucio. | |
| 245 | 1 | 2 | |a Η διανοητική ανάπτυξη του παιδιού / |c Λούτσιο Λομπάρντο Ράντιτσε. |
| 250 | |a 2η εκδ. | ||
| 260 | |a Αθήνα : |b Οδυσσέας, |c 1980. | ||
| 300 | |a 230 σ. ; |c 21 εκ. | ||
| 500 | |a Μετάφραση του: L' educazione della mente. | ||
| 650 | 0 | 0 | |a Child development. |
| 650 | 0 | 0 | |a Parent and child. |
| 650 | 0 | 0 | |a Child psychology. |
| 852 | |a INST |b RHODES |e 19931001 |h 155.413 RAD |p 005400003705 |q 005400003705 |t BK |y 0 | ||
| 909 | |a Ρ |b 003177 | ||
| 970 | |z 1986-03 | ||